|
|
|
|
| LEADER |
00764nab#a2200289#ar4500 |
| 001 |
000003213 |
| 003 |
SVKKK |
| 005 |
20030627110203.0 |
| 008 |
030627c1995 e sloo |
| FMT |
|
|
|
| 038 |
|
|
|a SVKKK
|
| 040 |
|
|
|a SVKKK
|b slo
|e AACR2
|
| 041 |
0 |
|
|a slo
|
| 080 |
|
|
|a 343.7
|2 1981
|
| 100 |
0 |
|
|a tin
|4 aut
|
| 245 |
1 |
0 |
|a Plač nad rozliatym mliekom :
|b Unifa - Invest rozhodila siete po celom meste
|c tin ,
|
| 260 |
|
|
|c 1995
|
| 650 |
0 |
4 |
|a informácie
|
| 650 |
0 |
4 |
|a podvody majetkové
|z Unifa-Invest, Košice (firma podnikateľská)
|
| 650 |
0 |
4 |
|a vyšetrovanie činnosti
|
| 773 |
0 |
|
|t Košický večer
|g Roč. 6, č. 44(1995), dát. 0303, s. 1,2
|
| 957 |
|
|
|a Košice
|
| 974 |
|
|
|a Cr
|
| 992 |
|
|
|a RBX
|
| BAS |
|
|
|
| 852 |
|
|
|a SVKKK
|b BIB
|
| 998 |
|
|
|a REG
|